Loading...
| History - European History | 4 | 2 | 1 | 0 | 75 | 47 | 63.33 | 6 | 6 |
| Literature - British Literature | 3 | 1 | 0 | 0 | 55 | 49 | 74.75 | 1 | 3 |
| Fine Arts - Other Arts | 1 | 1 | 0 | 0 | 25 | 63 | 82.00 | 0 | 2 |
| Social Science | 0 | 3 | 1 | 0 | 25 | 72 | 81.33 | 2 | 3 |
| History - American History | 1 | 1 | 0 | 0 | 25 | 65 | 86.00 | 0 | 2 |
| Beliefs | 0 | 2 | 0 | 0 | 20 | 105 | 107.00 | 1 | 2 |
| Geography | 0 | 2 | 0 | 0 | 20 | 79 | 82.00 | 1 | 2 |
| Literature - European Literature | 0 | 2 | 1 | 0 | 15 | 98 | 102.00 | 0 | 0 |
| Other Academic | 0 | 1 | 0 | 0 | 10 | 71 | 71.00 | 1 | 1 |
| Science - Other Science | 0 | 1 | 0 | 0 | 10 | 78 | 78.00 | 0 | 1 |
| History - Other History | 0 | 1 | 0 | 0 | 10 | 98 | 98.00 | 0 | 1 |
| History - World History | 0 | 1 | 0 | 1 | 10 | 123 | 123.00 | 0 | 1 |
| Literature - American Literature | 0 | 1 | 0 | 1 | 10 | 141 | 141.00 | 0 | 1 |
| Science - Chemistry | 0 | 1 | 0 | 0 | 10 | 100 | 100.00 | 0 | 1 |
| Visual Arts | 0 | 0 | 1 | 0 | -5 | 0.00 | 0 | 0 | |
| History - Ancient History | 0 | 0 | 1 | 0 | -5 | 0.00 | 0 | 0 | |
| Literature - World Literature | 0 | 0 | 1 | 0 | -5 | 0.00 | 0 | 0 | |
| Auditory Arts | 0 | 0 | 1 | 0 | -5 | 0.00 | 0 | 0 |